000 00503nam a2200193Ia 4500
005 20250326123942.0
008 250326s9999 xx 000 0 und d
037 _aTextbook
040 _aFMSL
_beng
_cFMSL
041 _aeng
_2eng
084 _aT48 L9
_qFMSL
100 _aClover V T
_9736479
245 0 _aBusiness research methods
_cClover V T; Balsley H L
250 _a2
260 _aOhio
_bOhio, Grid
_c1979
300 _a385p
942 _cTB
_hT48 L9
999 _c1271625
_d1271625